000 00377nab a22001097u 4500
008 130520b1979 xxu||||| |||| 00| 0 eng d
041 _aeng
100 1 _aZimmerman, Michael E.
_950143
245 0 0 _aMarx and Heidegger on the Technological Domination of Nature
_cMichael E. Zimmerman
773 0 _tPhilosophy Today
_gV.23, nº2,1979,págs. 99-112
_x0031-8256
_wRev325
942 _cAR
999 _c303028
_d303028